[Event "Olympiad Women 2024"]
[Site "Budapest HUN"]
[Date "2024.09.18"]
[Round "7.68"]
[Board "2"]
[White "Benson, Maud"]
[Black "Marcos, Taqesyah"]
[Result "1/2-1/2"]
[WhiteElo "1682"]
[BlackElo "1679"]
[PlyCount "103"]
[EventDate "2024.09.11"]
[WhiteTeam "Ghana"]
[BlackTeam "Netherlands Antilles"]
[WhiteTeamCountry "GHA"]
[BlackTeamCountry "AHO"]

1. d4 {ChessBase II} d5 2. c4 e6 3. g3 b6 4. Bg2 Bb7 5. Nf3 Nf6 6. O-O Be7 7. b3 Nbd7 8. Bb2 O-O 9. Qc2 ({RR} 9. Ne5 c5 10. cxd5 Nxd5 11. Nxd7 {½-½ Ricardi,P (2530)-Zarnicki,P (2520) Clarin GP op 4th 1995 (6)}) ({RR} 9. Ne5 Rc8 10. cxd5 exd5 11. Nd2 c6 12. Rc1 Rc7 13. Qc2 c5 14. dxc5 bxc5 15. Rfd1 Bd6 16. Nxd7 Nxd7 17. e3 Qa8 18. Qf5 g6 19. Qg5 f6 20. Qh4 Be5 21. Ba3 f5 22. Nf3 Qe8 23. Nxe5 Qxe5 {1-0 Hove,E (2289)-Haubro,S (2167) 61st TCh-DEN Ex 2023-24 (9.5)}) ({RR} 9. cxd5 Nxd5 10. Nbd2 c5 11. Rc1 Rc8 12. Nc4 b5 13. Nce5 N7f6 14. dxc5 Rxc5 15. Rxc5 Bxc5 16. Nd3 Be7 17. Qa1 b4 18. Rc1 Qa5 19. Nfe5 Rd8 20. Nc6 Bxc6 21. Rxc6 Ne8 22. Rc2 Bf6 23. Rc5 Qa6) ({RR} 9. Ne5 c5 10. Nc3 cxd4 11. Qxd4 Bc5 12. Qf4) 9... c5 10. Nbd2 $146 ({RR} 10. cxd5 Bxd5 11. Nc3 Rc8 12. Nxd5 Nxd5 13. Qd2 N7f6 14. e3 cxd4 15. Nxd4 Qd7 16. Rfc1 Bb4 17. Qd1 Nc3 18. Qd3 e5 19. Bxc3 Bxc3 20. Rxc3 Rcd8 21. Rd1 exd4 22. Qxd4 Qe7 {0-1 Kamada,J (2010)-Kurihara,E BRA-ch (Women) 1997 (7)}) ({RR} 10. dxc5 Nxc5 11. Rd1 Qc8 12. Nbd2 Rd8 13. cxd5 Bxd5 14. Rac1 Qa6 15. Qb1 Rac8 ({RR} 15... Qxe2 16. Bxf6 Bxf6 17. Bf1) 16. Nc4 h6 17. Qa1 Nce4 18. Nfe5 Qb7 19. Ne3 Bc5 20. Bd4 Ba3 21. Bb2 Bc5 22. Bd4 Qa6 23. Bxc5 Nxc5 24. Nxd5 Nxd5 {1-0 Chirita Mihaila,M (2088)-Dobre,F (1994) ROM-chT Baile Herculane 2010 (5.36)}) 10... Rc8 11. Qb1 Re8 12. Ne5 Qc7 13. cxd5 exd5 14. Qf5 Bd6 15. Nxd7 Qxd7 16. Qd3 cxd4 17. Bxd4 Be5 18. Nf3 Bxd4 19. Nxd4 Ne4 20. Rac1 a6 21. e3 h6 22. Rfd1 Qe7 23. Bh3 Rc5 24. Rc2 g6 25. Rdc1 Qf6 26. Qf1 Ng5 27. Bg2 Rec8 28. Qd1 Ne6 29. Nxe6 Qxe6 30. Qd3 Rxc2 31. Rxc2 Rxc2 32. Qxc2 Qd7 33. Qc3 Qc6 34. Qb2 Bc8 35. Kf1 Be6 36. Ke1 Qc5 37. b4 Qc4 38. Kd2 b5 39. a3 Bf5 40. f3 Qd3+ 41. Ke1 Qxe3+ 42. Qe2 Qxa3 43. Qd2 Qa1+ 44. Kf2 d4 45. f4 d3 46. h3 Qd4+ 47. Kf1 Qc4 48. Kf2 Qc2 49. Ke3 Kf8 50. g4 Bc8 51. Qxc2 dxc2 52. Kd2 1/2-1/2

[Event "Olympiad Women 2024"]
[Site "Budapest HUN"]
[Date "2024.09.18"]
[Round "7.68"]
[Board "3"]
[White "Pourier, Dianthely"]
[Black "Felix, Tobi"]
[Result "0-1"]
[WhiteElo "1548"]
[BlackElo "1677"]
[PlyCount "140"]
[EventDate "2024.09.11"]
[WhiteTeam "Netherlands Antilles"]
[BlackTeam "Ghana"]
[WhiteTeamCountry "AHO"]
[BlackTeamCountry "GHA"]

1. d4 d5 2. Nf3 Nf6 3. c3 c6 4. Bf4 Bf5 5. e3 e6 6. Qb3 Qb6 7. Nbd2 ({RR} 7. h3 h6 8. Nbd2 Nbd7 9. Be2 Be7 10. c4 a5 11. c5 Qa7 12. O-O O-O 13. Rfc1 Rfc8 14. Ne5 Nxe5 15. Bxe5 Nd7 16. Bg3 a4 17. Qd1 b6 18. b4 bxc5 19. bxc5 Bd8 20. Bg4 Bg6 21. Bh5 Bh7 {1-0 Kamsky,G (2741)-Vasquez Schroder,R (2542) Wch Blitz 7th 2013 (26)}) ({RR} 7. c4 dxc4 8. Bxc4 Nbd7 9. O-O Be7 10. Nc3 O-O 11. Rac1 h6 12. h3 Rfd8 13. g4 Bh7 14. g5 Qxb3 15. Bxb3 hxg5 16. Nxg5 Bg6 17. e4 a5 18. f3 b5 19. a3 Nh5 20. Be3 b4 21. axb4 axb4 {0-1 Rodriguez Fontecha,M (2278)-Grigoriants,S (2536) Titled Tue 30th Jul Late 2024 (7)}) 7... Nbd7 8. Be2 Be7 9. Rc1 Nh5 $146 ({RR} 9... O-O 10. O-O {½-½ Repplinger,M-Muellen,A (2180) RLPF-chA Wittlich 1997}) 10. Bg3 Nxg3 11. hxg3 h6 12. O-O O-O 13. Ne1 c5 14. dxc5 Nxc5 15. Qxb6 axb6 16. a3 Na4 17. Bd3 Nxb2 18. Bxf5 exf5 19. Nc2 Rfc8 20. Rb1 Na4 21. Rb3 Rxc3 22. Rxc3 Nxc3 23. Nd4 Rxa3 24. Nb1 Nxb1 25. Rxb1 Bc5 26. Nxf5 Ra5 27. Rd1 Bb4 28. Nd4 Rc5 29. Nf5 Ra5 30. Rd4 Ba3 31. Kh2 Bf8 32. Rd3 Rc5 33. Nd4 Kh7 34. f3 Ra5 35. e4 dxe4 36. fxe4 Re5 37. Nf3 Rxe4 38. Rd7 Re7 39. Rd6 Re6 40. Rd7 f6 41. Rxb7 Bc5 42. Nh4 Re5 43. g4 Re7 44. Rb8 Bd6+ 45. g3 Bxb8 46. Nf5 Re2+ 47. Kh3 b5 48. Nd4 Rb2 49. Nc6 Rb1 50. Nxb8 Rh1+ 51. Kg2 Rd1 52. Nc6 Rb1 53. Kh3 b4 54. Na5 Kg6 55. Kg2 Kg5 56. Kf3 b3 57. Nc4 Rc1 58. Nd2 b2 59. Ne4+ Kg6 60. Nd2 b1=Q 61. Nxb1 Rxb1 62. Kg2 Kg5 63. Kh3 Rb4 64. Kg2 Kxg4 65. Kf2 Rb3 66. Kg2 Rxg3+ 67. Kf2 Ra3 68. Kg2 Ra2+ 69. Kh1 Kg3 70. Kg1 Ra1# 0-1

[Event "Olympiad Women 2024"]
[Site "Budapest HUN"]
[Date "2024.09.18"]
[Round "7.68"]
[Board "4"]
[White "Hephzibah Awura-Ama Manubea Tandoh"]
[Black "Pieter, Liana"]
[Result "1/2-1/2"]
[WhiteElo "1516"]
[BlackElo "1619"]
[PlyCount "156"]
[EventDate "2024.09.11"]
[WhiteTeam "Ghana"]
[BlackTeam "Netherlands Antilles"]
[WhiteTeamCountry "GHA"]
[BlackTeamCountry "AHO"]

1. d4 d5 2. e3 e6 3. Nf3 Nf6 4. Be2 Bd6 5. O-O b6 6. b3 ({RR} 6. c4 Bb7 7. b3 Nbd7 8. Bb2 O-O 9. Nbd2 Qe7 10. Rc1 e5 11. dxe5 Nxe5 12. Nxe5 Bxe5 13. Bxe5 Qxe5 14. Nf3 Qe7 15. Qc2 Rfd8 16. Rfd1 c5 17. Qf5 Rd6 18. Qg5 Rad8 19. Nh4 h6 20. Nf5 hxg5 {0-1 Hajiyev,K (2109)-Muradli,M (2575) Titled Tue 18th Jun Late 2024 (4)}) 6... Bb7 7. Bb2 O-O 8. Nbd2 Ne4 $146 ({RR} 8... c5 9. Ne5 Nc6 10. Nxc6 Bxc6 11. dxc5 bxc5 12. c4 a5 13. cxd5 exd5 14. Rc1 Qe7 15. Bf3 Rfd8 16. Nb1 Bb7 17. Qc2 d4 18. Bxb7 Qxb7 19. exd4 cxd4 20. Rfd1 Ng4 21. h3 d3 22. Rxd3 Bh2+ 23. Kh1 {0-1 Manukyan,S (2150)-Lashkin,J (2386) Titled Tuesday intern op 21st Sept blitz 2021 (4)}) ({RR} 8... Nbd7 9. c4 c5 10. Ne5 Bxe5 11. dxe5 Ne8 12. f4 f6 13. Qe1 fxe5 14. fxe5 Qg5 15. Rxf8+ Nxf8 16. Qf2 d4 17. Nf3 Bxf3 18. Bxf3 dxe3 19. Qe2 Rd8 20. Rd1 Rxd1+ 21. Qxd1 Ng6 22. Qd7 Qe7 23. Qxe7 {0-1 Vassis,A (1150)-Giannoulis,G (1333) GRE-ch U10 Rio 2018 (6)}) ({RR} 8... Nbd7 9. c4 c5 10. dxc5 bxc5 11. cxd5 exd5 12. Rc1 Re8 13. Re1 Rc8 14. Qc2 Nb6 15. Ng5 g6 16. Qc3 Be5 17. Qc2 Bxb2 18. Qxb2 Qd7 19. Qxf6 Rc6 20. Qf4 Qe7 21. Qh4 f6 22. Ngf3 Re6 23. Rc2 {0-1 Tischler Lema Garcia,M (1182)-Marakaeva,A Wch U08 Girls 2022 (8)}) 9. Nxe4 dxe4 10. Nd2 Nd7 11. c4 c5 12. Qc2 Nf6 13. dxc5 Bxc5 14. Bxf6 Qxf6 15. Nxe4 Qg6 16. Bd3 f5 17. Ng3 h5 18. f3 Bxe3+ 19. Kh1 h4 20. Ne2 e5 21. Nc3 Bd4 22. Rae1 Rae8 23. Nd5 Bxd5 24. cxd5 Rc8 25. Qb1 Qf6 26. Bc4 Kh8 27. Rd1 Rc5 28. Qd3 Rfc8 29. f4 g6 30. fxe5 Bxe5 31. Qe2 Qd6 32. h3 Kh7 33. Rfe1 Re8 34. b4 Rc7 35. a3 Rce7 36. Qc2 Bg3 37. Rxe7+ Qxe7 38. Qc3 Qd6 39. Bb5 Re7 40. Qc6 Qe5 41. Qc1 Bf4 42. Qb1 Qf6 43. Qc2 Qe5 44. Bf1 Qe3 45. Rd3 Qe1 46. Qd1 Qxd1 47. Rxd1 Rd7 48. Bb5 Rd8 49. Bc4 Rc8 50. Rd4 Be5 51. Rxh4+ Kg7 52. Bf1 Rd8 53. Bc4 g5 54. Rh5 Kg6 55. g4 Rc8 56. Bd3 Rf8 57. h4 gxh4 58. Bxf5+ Kf6 59. Rxh4 Rf7 60. Rh3 Rc7 61. Rh6+ Kg5 62. Rc6 Rxc6 63. dxc6 a5 64. bxa5 bxa5 65. a4 Kf6 66. Kg2 Ke7 67. g5 Kd6 68. Be4 Kc7 69. Kf3 Kd6 70. g6 Ke6 71. Ke3 Kd6 72. Kd3 Bg7 73. Kc4 Kc7 74. Kb5 Bc3 75. g7 Bxg7 76. Kxa5 Bc3+ 77. Kb5 Bd4 78. a5 Ba7 1/2-1/2

[Event "Olympiad Women 2024"]
[Site "Budapest HUN"]
[Date "2024.09.18"]
[Round "7.69"]
[Board "1"]
[White "Magno, Angelica"]
[Black "Mahi R. Shah"]
[Result "0-1"]
[WhiteElo "1544"]
[BlackElo "1602"]
[PlyCount "118"]
[EventDate "2024.09.11"]
[WhiteTeam "Palau"]
[BlackTeam "Tanzania"]
[WhiteTeamCountry "PAL"]
[BlackTeamCountry "TAN"]

1. d4 Nf6 2. Nf3 e6 3. c4 d5 4. Nc3 Be7 5. Bf4 O-O 6. e3 b6 7. Be2 Ba6 8. O-O $146 ({RR} 8. Qa4 dxc4 9. Bxc4 Qd7 10. Qxd7 Nfxd7 11. Bxa6 Nxa6 12. Ke2 c5 13. Rhd1 Nb4 14. a3 Nc6 15. dxc5 Nxc5 16. b4 Bf6 17. Rac1 Nb7 18. Ne4 Rac8 19. Rd7 Nbd8 20. b5 Ne5 21. Nxf6+ gxf6 22. Rxc8 Nxd7 {1-0 Bujisho,B (2324)-Marn,J (2138) Agneaux St Lo op 20th 2018 (1)}) ({RR} 8. cxd5 Nxd5 9. Nxd5 Qxd5 10. Bxc7 Qa5+ 11. Kf1 Bxe2+ 12. Qxe2 Nd7 13. h3 Rac8 14. Bg3 Rc6 15. Kg1 Rfc8 16. Kh2 Rc2 17. Qd3 g5 18. Rhb1 h5 19. Kg1 g4 20. hxg4 hxg4 21. Ne1 Rd2 22. Qe4 Nf6 {½-½ Karjakin,S (2750)-Anand,V (2756) Sinquefield Cup 7th 2019 (10)}) ({RR} 8. cxd5 Nxd5 9. Nxd5 Qxd5 10. O-O c5 11. Bxa6 Nxa6 12. Qa4 Qb7 13. Rfd1 Rfd8 14. h3 h6 15. a3 Rac8 16. Qb5 Nc7 17. Qe2 Nd5 18. Be5 c4 19. Rdc1 c3 20. bxc3 Nxc3 21. Qd3 Nd5 22. Nd2 Rxc1+ {0-1 Sahakyan,A (2287)-Palczert,M (2341) European Youth O18 Blitz 2024 (13.3)}) ({RR} 8. b3 Bb4 9. Rc1 Ne4 10. O-O Nxc3 11. Qc2 Nxe2+ 12. Qxe2 Bd6 13. Ne5 Bxe5 14. Bxe5 Nd7 15. Bf4 Rc8 16. Qg4 Qf6 17. Bg5 Qg6 18. f4 h6 19. f5 Qxg5 20. Qh3 Rce8 21. fxe6 fxe6 22. Rxf8+ Nxf8 {0-1 Homs Jimenez,P (1790)-Roig Ruiz,C (1939) Mataro op 10th 2013 (1)}) ({RR} 8. cxd5 exd5 9. O-O Nh5 10. Qa4 Nxf4 11. Bxa6 Nxa6 12. Qxa6 Ng6 13. Qb7 Bd6 14. Qxd5 a6 15. Rfc1 Qf6 16. Ne4 Qe6 17. Qxe6 fxe6 18. Nxd6 cxd6 19. Rc6 Rfd8 20. Rxb6 h6 21. Rc1 Ne7 22. Rc7 Nd5 {1-0 Lima de Oliveira,I (1788)-Cardoso Da Silva,R (1914) Sao Luis Maranhese Cup 11th 2017 (1)}) 8... dxc4 9. Ne5 b5 10. Bf3 Nd5 11. Bg3 Nxc3 12. bxc3 c6 13. Re1 Bd6 14. a4 b4 15. Bxc6 Nxc6 16. Nxc6 Qd7 17. Bxd6 Qxd6 18. Nxb4 Bb7 19. Rb1 Rab8 20. Qe2 a5 21. Nc2 Qc6 22. e4 Ba6 23. Qg4 Qxa4 24. Ne3 Rb3 25. d5 exd5 26. Nxd5 Bb7 27. Nf6+ Kh8 28. Nh5 Rg8 29. e5 Rxb1 30. Rxb1 Qc2 31. Rd1 Qxc3 32. Qd7 Qxe5 33. Ng3 Bc8 34. Qd8 g6 35. Qd2 c3 36. Qc1 Be6 37. Re1 Qd4 38. Ne2 Qd2 39. Nxc3 Qxc1 40. Rxc1 Rc8 41. Ne2 Rxc1+ 42. Nxc1 a4 43. Kf1 a3 44. Ke1 a2 45. Nxa2 Bxa2 46. f4 h5 47. Kf2 Kg7 48. g3 Kf6 49. Kf3 Kf5 50. h3 Bd5+ 51. Ke3 Bg2 52. h4 Kg4 53. Kf2 Bc6 54. Kg1 Kxg3 55. f5 gxf5 56. Kf1 f4 57. Kg1 f3 58. Kf1 f2 59. Ke2 Bb5+ 0-1

[Event "Olympiad Women 2024"]
[Site "Budapest HUN"]
[Date "2024.09.18"]
[Round "7.69"]
[Board "2"]
[White "Anahi Rishit Shah"]
[Black "Gemota, Joan"]
[Result "1-0"]
[WhiteElo "1513"]
[BlackElo "1567"]
[PlyCount "107"]
[EventDate "2024.09.11"]
[WhiteTeam "Tanzania"]
[BlackTeam "Palau"]
[WhiteTeamCountry "TAN"]
[BlackTeamCountry "PAL"]

1. e4 e6 2. d4 b6 3. Nf3 Bb7 4. Bd3 g6 5. Nc3 Bg7 6. O-O ({RR} 6. Bg5 Ne7 7. Qd2 h6 8. Be3 d5 9. O-O-O a6 10. h4 dxe4 11. Bxe4 Bxe4 12. Nxe4 Nd7 13. Kb1 Nd5 14. c4 Nxe3 15. Qxe3 O-O 16. g4 Qe7 17. g5 h5 18. Rhe1 c5 19. d5 exd5 20. cxd5 Rfe8 {0-1 Korchmar,V (2450)-Legenia,A (2092) Titled Tuesday intern op 07th Jun Early blitz 2022 (1)}) 6... Nf6 7. Bg5 O-O 8. e5 Nc6 $146 ({RR} 8... h6 9. Bxf6 Bxf6 10. exf6 Qxf6 11. Be4 d5 12. Bd3 Nc6 13. Bb5 Ne7 14. Ne5 Qg5 15. f4 Qh4 16. Rf3 h5 17. Nd7 Rfd8 18. Qf1 Nf5 19. g3 Qe7 20. Ne5 c6 21. Nxc6 Bxc6 22. Bxc6 Rac8 23. Ba4 {1-0 Rukavishnikov,M-Serobyan,G Opatija Silent op 2014 (6)}) 9. Bxf6 Bxf6 10. exf6 Qxf6 11. d5 Nd4 12. Nxd4 Qxd4 13. Be4 Qxd1 14. Raxd1 e5 15. d6 c6 16. Rfe1 Rae8 17. b4 f5 18. Bd3 Kg7 19. f3 a6 20. a4 c5 21. bxc5 bxc5 22. Rb1 Rb8 23. Rxe5 Rf6 24. Re7+ Kh6 25. Rxd7 Bc6 26. Rxh7+ Kxh7 27. Rxb8 Rxd6 28. Rb6 Re6 29. Bc4 Re1+ 30. Kf2 Rc1 31. Rxc6 Rxc2+ 32. Kg3 Rxc3 33. Rxc5 Kh6 34. Rc6 Kh5 35. h3 a5 36. h4 Rc2 37. Rc8 Kh6 38. h5 Kxh5 39. Rh8+ Kg5 40. Bb5 Rc3 41. Ra8 f4+ 42. Kh2 Rc2 43. Rxa5 Kh4 44. Be8 g5 45. Rb5 Re2 46. Bd7 Rd2 47. Bf5 Kh5 48. a5 Rd8 49. a6 Kh6 50. a7 Ra8 51. Ra5 Kg7 52. Be4 Rxa7 53. Rxa7+ Kf6 54. Ra5 1-0

[Event "Olympiad Women 2024"]
[Site "Budapest HUN"]
[Date "2024.09.18"]
[Round "7.69"]
[Board "3"]
[White "Sisior, Dilyolt Kyarii Parrado"]
[Black "Bertha Samson Mkude"]
[Result "1-0"]
[WhiteElo "1488"]
[BlackElo "1459"]
[PlyCount "81"]
[EventDate "2024.09.11"]
[WhiteTeam "Palau"]
[BlackTeam "Tanzania"]
[WhiteTeamCountry "PAL"]
[BlackTeamCountry "TAN"]

1. e4 e5 2. Nf3 Nc6 3. Bc4 Be7 4. c3 Nf6 5. d3 h6 6. Bb3 O-O 7. Nbd2 d6 8. Nf1 Bg4 9. h3 Bh5 10. Ng3 Bg6 11. Nh4 Bh7 $146 ({RR} 11... Bh5 12. Nxh5 Nxh5 13. Ng6 Nf6 14. Nxf8 Bxf8 15. O-O Ne7 16. Qe2 Ng6 17. Bd2 d5 18. Rad1 Qd6 19. Rfe1 Rd8 20. exd5 Nxd5 21. g3 Nf6 22. Bc1 Qd7 23. Kh2 Bd6 24. Bc2 Re8 25. Kg2 a6 26. Qf3 {1-0 Rzaeva,S (2018)-Damirova,A AZE-ch U16 Girls 2001}) 12. Qf3 Ne8 13. Ngf5 Bxf5 14. Nxf5 Na5 15. Bxh6 Nxb3 16. Qg4 Bf6 17. axb3 Kh8 18. Be3 g6 19. Nh6 Bg7 20. Bg5 f6 21. Be3 g5 22. Nf5 a6 23. h4 Kg8 24. hxg5 fxg5 25. Bxg5 Nf6 26. Nh6+ Kh7 27. Qf5+ Kh8 28. Nf7+ Kg8 29. Nxd8 Raxd8 30. Bxf6 Rxf6 31. Qh7+ Kf8 32. Ra5 Kf7 33. Qh5+ Ke7 34. Qg5 Kd7 35. Qxg7+ Ke6 36. d4 Rf7 37. Rh6+ Ke7 38. Qg5+ Ke8 39. Rh8+ Rf8 40. Rxf8+ Kxf8 41. Qxd8+ 1-0

[Event "Olympiad Women 2024"]
[Site "Budapest HUN"]
[Date "2024.09.18"]
[Round "7.70"]
[Board "1"]
[White "Swaminathan, Laia"]
[Black "Georgina Sackie"]
[Result "0-1"]
[WhiteElo "1620"]
[BlackElo "1688"]
[PlyCount "82"]
[EventDate "2024.09.11"]
[WhiteTeam "Cayman Islands"]
[BlackTeam "Liberia"]
[WhiteTeamCountry "CAY"]
[BlackTeamCountry "LBR"]

1. d4 d5 2. c4 c6 3. Nc3 Nf6 4. Nf3 a6 5. Bf4 dxc4 6. a4 Nd5 7. Bg3 Qa5 8. Qd2 e6 9. e4 Nxc3 10. bxc3 b5 11. Be2 $146 ({RR} 11. Ne5 Be7 12. Be2 O-O 13. O-O Qd8 14. Rfd1 Bb7 15. Qb2 Qc8 16. Rdb1 Ra7 17. Bxc4 Nd7 18. Nxd7 Qxd7 19. axb5 c5 20. Rd1 cxd4 21. Rxd4 Qc8 22. bxa6 Ba8 23. Be2 Bc5 24. Rc4 Qc6 25. Ra5 Qb6 {1-0 Valencia,O (1728)-Husbands,O (2234) Pan American-ch U20 2015 (1)}) 11... Be7 12. O-O Qd8 13. Rfb1 Nd7 14. Ne5 Nxe5 15. Bxe5 f6 16. Bg3 Qd7 17. Qb2 O-O 18. Bf3 Bb7 19. Rd1 f5 20. exf5 exf5 21. Be5 Bf6 22. Bxf6 Rxf6 23. axb5 cxb5 24. Bxb7 Qxb7 25. f3 Re8 26. Re1 Rfe6 27. Qd2 Qe7 28. Rxe6 Qxe6 29. Kf2 h6 30. Kg3 Kh7 31. Qf4 g5 32. Qc7+ Re7 33. Qa5 f4+ 34. Kf2 Qe3+ 35. Kf1 Re6 36. d5 Qd3+ 37. Kg1 Qxd5 38. Qc7+ Kg6 39. Qc8 Qe5 40. h3 Kh5 41. Rxa6 Qe1+ 0-1

[Event "Olympiad Women 2024"]
[Site "Budapest HUN"]
[Date "2024.09.18"]
[Round "7.70"]
[Board "3"]
[White "Patil, Anvita Niranjan"]
[Black "Abigail Karyah"]
[Result "0-1"]
[WhiteElo "1589"]
[BlackElo "1790"]
[PlyCount "128"]
[EventDate "2024.09.11"]
[WhiteTeam "Cayman Islands"]
[BlackTeam "Liberia"]
[WhiteTeamCountry "CAY"]
[BlackTeamCountry "LBR"]

1. e4 c6 2. Nf3 d5 3. exd5 cxd5 4. d4 Nf6 5. Bd3 Nc6 6. O-O Bg4 7. c3 e6 8. Bg5 Be7 9. Nbd2 O-O 10. Qa4 ({RR} 10. Qb3 Qc7 11. Rfe1 Nd7 12. Bxe7 Nxe7 13. Qa3 Nf6 14. Ne5 {½-½ Paichadze,L (2501)-Gunina,V (2533) TUR-chT Konya 2012 (8)}) 10... Qc7 $146 ({RR} 10... a6 11. Ne5 b5 12. Qc2 Rc8 13. Bxf6 gxf6 14. Nxg4 f5 15. Ne5 Nxd4 16. Qd1 Nc6 17. Nxc6 Rxc6 18. Nf3 Bd6 19. Re1 Qf6 20. Nd4 Rb6 21. Qh5 Kh8 22. Re3 Rg8 23. Rh3 Qg7 24. g3 b4 25. Qh6 {1-0 Grimm,M (1871)-Gehann,P (1806) Niederbayernliga 0809 2008 (5.4)}) ({RR} 10... Bh5 11. Ne5 Nxe5 12. dxe5 Nd7 13. Bxe7 Qxe7 14. Qd4 Bg6 15. Bxg6 fxg6 16. c4 Nb6 17. cxd5 Nxd5 18. Ne4 b6 19. Nc3 Rad8 20. Nxd5 Rxd5 21. Qe3 g5 22. Rad1 Rfd8 23. Rxd5 Rxd5 24. Rc1 Qd8 25. h3 {0-1 Korsunsky,Y (2369)-Pham Le Thao Nguyen (2395) Titled Tue 14th May Early 2024 (7)}) ({RR} 10... Bh5 11. Rae1 Bg6 12. Bxg6 hxg6 13. Ne5 Nxe5 14. dxe5 Nd7 15. Bxe7 Qxe7 16. Qg4 Rfc8 17. Re3 b5 18. Kh1 b4 19. c4 dxc4 20. Nxc4 Rc5 21. b3 Rac8 22. h4 Rd5 23. h5 gxh5 24. Qxh5 g6 25. Qh6 {½-½ Sygnowski,T (2049)-Arkell,K (2474) Shropshire op 2016 (2)}) ({RR} 10... a6 11. Ne5 Nxe5 12. dxe5 Nd7 13. Bxe7 Qxe7 14. Qxg4 Nxe5 15. Bxh7+ Kxh7 16. Qh5+ Kg8 17. Qxe5 Rac8 18. Nf3 f6 19. Qe3 Kf7 20. Rfe1 Rfe8 21. Rad1 b5 22. Nd4 e5 23. Nf5 Qb7 {1-0 Lima,C (2155)-Lamarck,E (1903) Pernambucan-ch rapid online 2020 (3)}) 11. Ne5 Bh5 12. Rfe1 Rab8 13. Bf4 Bd6 14. Bg3 Nd7 15. Nxd7 Qxd7 16. Qc2 Bg6 17. Re3 Bxd3 18. Qxd3 Ne7 19. Nf3 b5 20. Ng5 g6 21. Bxd6 Qxd6 22. Rh3 h5 23. Rxh5 Nf5 24. Rh7 Qf4 25. h4 Nxh4 26. Qh3 Qxg5 27. Rxh4 Kg7 28. Qh2 Rh8 29. Rxh8 Rxh8 30. Qe5+ Qxe5 31. dxe5 Rh4 32. g3 Re4 33. f4 Re2 34. a4 bxa4 35. Rxa4 Rxb2 36. Rxa7 Rc2 37. Ra3 g5 38. Kf1 gxf4 39. gxf4 Kg6 40. Ke1 Kf5 41. Kd1 Rf2 42. Ra4 Rxf4 43. Rxf4+ Kxf4 44. Kd2 Kxe5 45. Ke3 f5 46. Kf3 f4 47. Ke2 Ke4 48. Kf2 Kd3 49. Kf3 e5 50. Kf2 Kxc3 51. Ke2 Kc2 52. Ke1 d4 53. Ke2 d3+ 54. Kf3 d2 55. Kf2 d1=Q 56. Kg2 e4 57. Kf2 e3+ 58. Kg2 e2 59. Kf3 e1=Q+ 60. Kxf4 Qd4+ 61. Kf5 Qee5+ 62. Kg6 Qdd6+ 63. Kf7 Qee7+ 64. Kg8 Qdd8# 0-1

[Event "Olympiad Women 2024"]
[Site "Budapest HUN"]
[Date "2024.09.18"]
[Round "7.71"]
[Board "1"]
[White "Magne Kouokam Sylviane"]
[Black "Jacobs, Annelaine"]
[Result "0-1"]
[WhiteElo "1587"]
[BlackElo "1763"]
[PlyCount "106"]
[EventDate "2024.09.11"]
[WhiteTeam "Cameroon"]
[BlackTeam "Aruba"]
[WhiteTeamCountry "CAM"]
[BlackTeamCountry "ARN"]

1. d4 Nf6 2. c4 g6 3. Nc3 Bg7 4. Nf3 d6 5. e4 O-O 6. Be2 Nbd7 7. O-O c6 8. Qb3 Qc7 ({RR} 8... e5 9. d5 Nc5 10. Qc2 a5 11. Be3 Na6 12. Rad1 Ng4 13. dxc6 bxc6 14. Qd2 Nxe3 15. Qxe3 Qc7 16. Qd2 Rd8 17. Na4 Bb7 18. Rc1 c5 19. Nc3 Bc6 20. Nd5 Qb7 21. b3 Nc7 22. Ne7+ Kf8 23. Nxc6 {0-1 Kildea,R (1542)-Ghani,M (1859) IRL-chT Dublin 2016 (3)}) 9. Bf4 Nh5 10. Bg5 e5 11. dxe5 $146 ({RR} 11. Rad1 Re8 12. d5 c5 13. Nb5 Qb8 14. Qe3 f6 15. Bh6 Bxh6 16. Qxh6 Nf4 17. Rfe1 Nxe2+ 18. Rxe2 a6 19. Nc3 b5 20. cxb5 axb5 21. Ra1 b4 22. Nd1 Qb5 23. Re1 Nb6 24. Qh4 Kg7 25. Ne3 Nc4 {½-½ Nagy,S (2178)-Kiraly,G (1976) HUN-chT2 Barcza 0708 2007 (9)}) 11... dxe5 12. Rad1 Re8 13. Qa3 Bf8 14. b4 Nhf6 15. c5 h6 16. Bh4 Kg7 17. Bc4 b5 18. cxb6 Nxb6 19. Qa5 Qe7 20. Qc5 Qxc5 21. bxc5 Nxc4 22. Bg3 Bxc5 23. Na4 Bb6 24. Rc1 Na5 25. Bxe5 Bg4 26. Bxf6+ Kxf6 27. Nd2 Be6 28. Nb3 Nxb3 29. axb3 Bxb3 30. Nxb6 axb6 31. Rxc6+ Re6 32. Rc3 Ba4 33. f3 b5 34. Rfc1 Rd8 35. Kf2 Rd2+ 36. Kg3 Rd1 37. Rxd1 Bxd1 38. Rc5 b4 39. Rb5 b3 40. Kf2 Bc2 41. Ke3 h5 42. Kf4 Kg7 43. e5 Re7 44. h4 Ra7 45. Ke3 Ra2 46. Kd2 Bf5+ 47. Kc3 Be6 48. Rb4 Rc2+ 49. Kd4 Rxg2 50. f4 Rg4 51. Kc3 Rxh4 52. f5 Rxb4 53. Kxb4 b2 0-1

[Event "Olympiad Women 2024"]
[Site "Budapest HUN"]
[Date "2024.09.18"]
[Round "7.71"]
[Board "2"]
[White "Moreno Mora, Milaydes Lourdes"]
[Black "Danwe Maissiri Carole"]
[Result "1/2-1/2"]
[WhiteElo "1694"]
[BlackElo "1456"]
[PlyCount "78"]
[EventDate "2024.09.11"]
[WhiteTeam "Aruba"]
[BlackTeam "Cameroon"]
[WhiteTeamCountry "ARN"]
[BlackTeamCountry "CAM"]

1. e4 e5 2. Nf3 Nc6 3. d4 exd4 4. Bc4 h6 5. c3 dxc3 6. Nxc3 Bc5 7. Bxf7+ Kxf7 8. Qd5+ Ke8 9. Qh5+ Kf8 10. Qxc5+ Nge7 11. O-O ({RR} 11. e5 b6 12. Qc4 d5 13. exd6 Qxd6 14. O-O Qg6 15. Bf4 a5 16. Rfe1 h5 17. Ng5 h4 18. Ne6+ Bxe6 19. Rxe6 Qf5 20. Rxc6 Nxc6 21. Qxc6 Qxf4 22. Qxa8+ Kf7 23. Qxh8 {1-0 Sole,M (1876)-Nermend,L Kasparov CF University Cup rapid 2022 (8.2)}) 11... d6 12. Qc4 Ng6 $146 ({RR} 12... Ke8 13. Bf4 Rf8 14. Be3 Na5 15. Qa4+ Nac6 16. Nd5 Bd7 17. h3 Ne5 18. Qd1 Nxf3+ 19. gxf3 Bxh3 20. Re1 c6 21. Nc3 Ng6 22. f4 Nxf4 23. Bxf4 Rxf4 24. Qh5+ Kd7 25. Qxh3+ Kc7 26. Rac1 a6 27. Nd5+ {1-0 Beradze,A-Scarpa,A EU-ch U08 Girls 2012 (8)}) 13. Nd5 Be6 14. Qc2 Kf7 15. Bd2 Rf8 16. Rac1 Kg8 17. b4 a6 18. a4 Nge5 19. Nxe5 dxe5 20. Rfd1 Bxd5 21. exd5 Qxd5 22. Bxh6 Nd4 23. Qg6 Qf7 24. Qg4 Qxf2+ 25. Kh1 Rf7 26. h4 Nf5 27. Bg5 Ne3 28. Bxe3 Qxe3 29. Re1 Qd4 30. Re4 Qf2 31. Rxe5 Raf8 32. Rg5 Rd8 33. Rh5 Rd4 34. Qc8+ Rf8 35. Qe6+ Rf7 36. Qe8+ Rf8 37. Qe6+ Rf7 38. Qe8+ Rf8 39. Qe6+ Rf7 1/2-1/2

[Event "Olympiad Women 2024"]
[Site "Budapest HUN"]
[Date "2024.09.18"]
[Round "7.71"]
[Board "3"]
[White "Tchouateu Tankeu Stephanie"]
[Black "Aponte, Samantha"]
[Result "1-0"]
[WhiteElo "1565"]
[BlackElo "1454"]
[PlyCount "69"]
[EventDate "2024.09.11"]
[WhiteTeam "Cameroon"]
[BlackTeam "Aruba"]
[WhiteTeamCountry "CAM"]
[BlackTeamCountry "ARN"]

1. d4 d5 2. c4 e6 3. Nc3 Nf6 4. Nf3 Be7 5. Bf4 O-O 6. e3 b6 7. Bd3 c5 8. O-O Bb7 9. cxd5 exd5 10. Re1 ({RR} 10. Rc1 a6 11. Ne5 Nbd7 12. Qf3 Re8 13. Rfd1 Ra7 14. g4 c4 15. Bf5 Nf8 16. Bb1 Qa8 17. g5 Ne4 18. Nxe4 dxe4 19. Qh5 g6 20. Qh4 b5 21. Ng4 h5 22. Nh6+ Kh7 23. Nxf7 Bd5 24. Ne5 Nd7 {1-0 Gukesh,D (2725)-Nakamura,H (2768) Tata Steel India Blitz 2022 (7.5)}) ({RR} 10. Rc1 a6 11. Bb1 Nbd7 12. Ne5 Re8 13. Bg3 Nf8 14. dxc5 bxc5 15. Qb3 Rb8 16. Qa4 Qb6 17. Rfd1 Rbc8 18. Bf5 Ne6 19. Qc2 Red8 20. b3 Ba8 21. Na4 Qb7 22. f3 Bd6 23. Ng4 Nxg4 24. Bxg4 Bf8 {½-½ Balague Camps,M (2207)-Garcia Acosta,R (2072) TCh-CAT Gp2 2023 (4.6)}) 10... Nc6 11. Bb5 $146 ({RR} 11. Rc1 a6 12. Bb1 Re8 13. e4 dxe4 14. Nxe4 Nxd4 15. Nxd4 Qxd4 16. Qxd4 cxd4 17. Rc7 Bxe4 18. Bxe4 Nxe4 19. Rxe4 Bd6 20. Bxd6 Rxe4 21. g3 d3 22. Rd7 d2 23. Bb4 Re1+ 24. Kg2 d1=Q 25. Rxd1 Rxd1 {0-1 Ngamdeethae,W-Benedict,S (1329) Eastern Asia-ch U18 2021 (7)}) 11... a6 12. Bxc6 Bxc6 13. Ne5 Rc8 14. b3 cxd4 15. exd4 Bb4 16. Re3 Re8 17. a3 Bd6 18. h3 Bb7 19. b4 Ne4 20. Nxe4 dxe4 21. Qb3 Bxe5 22. dxe5 Re6 23. Rd1 Qe8 24. Rd6 Rc6 25. Qd1 Qc8 26. Rd8+ Re8 27. Rxc8 Rexc8 28. Rxe4 Rc1 29. Bxc1 Bxe4 30. Qd7 Rxc1+ 31. Kh2 h6 32. Qe8+ Kh7 33. Qxf7 Ra1 34. Qf4 Bg6 35. Qe3 1-0